|
|
|
|
| LEADER |
00000naa2a2200000 4500 |
| 001 |
617780 |
| 005 |
20231101132958.0 |
| 035 |
|
|
|a (RuTPU)RU\TPU\conf\16100
|
| 035 |
|
|
|a RU\TPU\conf\16099
|
| 090 |
|
|
|a 617780
|
| 100 |
|
|
|a 20160330d2016 k y0engy50 ba
|
| 101 |
0 |
|
|a eng
|
| 102 |
|
|
|a RU
|
| 105 |
|
|
|a y z 101zy
|
| 135 |
|
|
|a drcn ---uucaa
|
| 181 |
|
0 |
|a i
|
| 182 |
|
0 |
|a b
|
| 200 |
1 |
|
|a Machine translation as a traditional and modern tool in learning language for specific purposes
|f T. A. Inkhireeva, M. K. Sultanbekova
|
| 203 |
|
|
|a Текст
|c электронный
|
| 230 |
|
|
|a 1 компьютерный файл (pdf; 285 Кb)
|
| 300 |
|
|
|a Заглавие с экрана
|
| 320 |
|
|
|a [Библиогр.: с. 194 (6 назв.)]
|
| 463 |
|
0 |
|0 (RuTPU)RU\TPU\conf\16074
|t Межкультурная коммуникация: теория и практика
|o сборник научных трудов XV Международной научно-практической конференции "Лингвистические и культурологические традиции и инновации", Томск, 9-11 ноября 2015 г.
|f Национальный исследовательский Томский политехнический университет (ТПУ) ; ред. кол. Ю. В. Кобенко [и др.]
|v [С. 191-194]
|d 2016
|
| 610 |
1 |
|
|a труды учёных ТПУ
|
| 610 |
1 |
|
|a электронный ресурс
|
| 610 |
1 |
|
|a машинный перевод
|
| 610 |
1 |
|
|a традиционные методы
|
| 610 |
1 |
|
|a изучение
|
| 610 |
1 |
|
|a иностранные языки
|
| 700 |
|
1 |
|a Inkhireeva
|b T. A.
|g Tatyana
|
| 701 |
|
1 |
|a Sultanbekova
|b M. K.
|g Marzhan
|
| 712 |
0 |
2 |
|a Томский политехнический университет (ТПУ)
|b Центр профессиональной переподготовки специалистов нефтегазового дела
|2 stltpush
|3 (RuTPU)RU\TPU\col\14568
|
| 801 |
|
2 |
|a RU
|b 63413507
|c 20160505
|g RCR
|
| 856 |
4 |
|
|u http://earchive.tpu.ru/handle/11683/22458
|
| 942 |
|
|
|c BK
|